000 00800nam a2200217Ia 4500
003 OSt
005 20250912125842.0
008 221004b |||||||| |||| 00| 0 hin d
020 _a9788189486297 (hbk)
037 _cTextual
040 _aCRL
_cCRL
_bhin
041 _2hin
_ahin
084 _aDelta2y7M63:g(Y15)
_qCRL
100 _aस्वामी विवेकानन्द
_9821259
245 0 _aभारतीय नारी
246 _aBhāratīya nārī
260 _aदिल्ली
_bकादम्बरी प्रकाशन भारत
_c2010
300 _a80पृ0
_ccm.
942 _hDelta2y7M63:g(Y15) 152Q0
_cTB
_2cc
_n0
999 _c1011233
_d1011233